[Event "World Rapid Women 2018"]
[Site "St Petersburg RUS"]
[Date "2018.12.26"]
[Round "3.19"]
[White "Galliamova, Alisa"]
[Black "Garcia Martin, Marta"]
[Result "1-0"]
[WhiteTitle "IM"]
[BlackTitle "FM"]
[WhiteElo "2444"]
[BlackElo "2301"]
[WhiteFideId "4129725"]
[BlackFideId "32084030"]
[EventDate "2018.12.26"]

1. Nf3 Nf6 2. g3 b6 3. Bg2 Bb7 4. d4 g6 5. O-O Bg7 6. c4 O-O 7. b3 e6 8. Bb2 d5
9. Qc2 Nbd7 10. a4 c5 11. e3 Rc8 12. Na3 cxd4 13. exd4 Nb8 14. Ne5 Nc6 15. Rfd1
Re8 16. Qd2 Na5 17. Qe3 dxc4 18. bxc4 Bxg2 19. Kxg2 Nd7 20. Qf3 Nxe5 21. dxe5
Qe7 22. Rac1 Red8 23. Rxd8+ Rxd8 24. Nb5 Qb7 25. Rc2 a6 26. Nd6 Qxf3+ 27. Kxf3
Nc6 28. Ke4 Nxe5 29. Bxe5 f5+ 30. Nxf5 exf5+ 31. Kf4 Bh6+ 32. Kf3 Rd3+ 33. Ke2
Ra3 34. Bd4 Rb3 35. c5 bxc5 36. Bxc5 Bg7 37. a5 Bc3 38. Bb6 Ra3 39. Bc5 Rb3 40.
Be3 Bxa5 41. Rc6 Bb4 42. Rxa6 Bf8 43. Ra8 Rc3 44. Bh6 1-0

[Event "World Rapid Women 2018"]
[Site "St Petersburg RUS"]
[Date "2018.12.26"]
[Round "3.20"]
[White "Bivol, Alina"]
[Black "Protopopova, Anastasiya"]
[Result "1/2-1/2"]
[WhiteTitle "WGM"]
[BlackTitle "WFM"]
[WhiteElo "2393"]
[BlackElo "2304"]
[WhiteFideId "4100123"]
[BlackFideId "24172073"]
[EventDate "2018.12.26"]

1. Nf3 d5 2. g3 c6 3. Bg2 Bg4 4. O-O Nd7 5. h3 Bxf3 6. Bxf3 e5 7. Bg2 Ngf6 8. d3
Bd6 9. c4 d4 10. Nd2 O-O 11. Rb1 a5 12. b3 Qe7 13. Nf3 b5 14. Nh4 Rac8 15. Qd2
b4 16. Nf5 Qe6 17. Qg5 Ne8 18. Nxd6 Nxd6 19. e3 dxe3 20. fxe3 Nc5 21. Rd1 Rfd8
22. Bb2 f6 23. Qg4 Nf5 24. Qe2 Nxg3 25. Qf2 Nf5 26. d4 exd4 27. exd4 Ne4 28. Re1
Nxf2 29. Rxe6 Nd3 30. d5 Nf4 31. Rxc6 Rxc6 32. dxc6 Nxg2 33. Kxg2 Rc8 34. Kf3
Rxc6 35. Kf4 g6 36. Rd1 a4 37. Rd8+ Kf7 38. Rd7+ Ke6 39. Rxh7 g5+ 40. Ke4 axb3
41. axb3 Nd6+ 42. Kf3 Ra6 43. c5 Nf5 44. Rb7 Ra2 45. Rb6+ Kd5 46. Bxf6 Nh4+ 47.
Kg4 Rg2+ 48. Kh5 Kxc5 49. Rb8 Nf5 50. Bxg5 Rg3 51. Rc8+ Kb5 52. Rb8+ Kc5 53. Ra8
Rxh3+ 54. Kg4 Rxb3 55. Kxf5 Kc4 56. Ke4 Kc3 57. Ra2 Ra3 58. Bf6+ Kb3 59. Rb2+
Ka4 60. Bd4 b3 61. Kd3 Ra2 62. Rb1 Kb4 63. Bc3+ Ka3 64. Kc4 b2 65. Rd1 Ra1 66.
Rd6 Ka2 67. Rd2 Rb1 68. Kb4 Ka1 69. Kb3 Rh1 70. Rxb2 Rb1 1/2-1/2

[Event "World Rapid Women 2018"]
[Site "St Petersburg RUS"]
[Date "2018.12.26"]
[Round "3.21"]
[White "Komiagina, Maria"]
[Black "Gritsayeva, Oksana"]
[Result "1/2-1/2"]
[WhiteTitle "WIM"]
[BlackTitle "WFM"]
[WhiteElo "2234"]
[BlackElo "2378"]
[WhiteFideId "4153987"]
[BlackFideId "14104652"]
[EventDate "2018.12.26"]

1. e4 e5 2. Nf3 Nc6 3. Bb5 Nge7 4. Nc3 g6 5. d4 exd4 6. Nd5 Bg7 7. Bg5 h6 8. Bf6
Bxf6 9. Nxf6+ Kf8 10. O-O Kg7 11. Nd5 a6 12. Ba4 d6 13. Nxd4 Bd7 14. Nxc6 Nxc6
15. c3 Rf8 16. f4 f6 17. Qd2 Ne7 18. Bc2 Nxd5 19. Qxd5 f5 20. Rae1 fxe4 21. Bxe4
Rb8 22. f5 g5 23. Bc2 Qf6 24. Re3 Bc6 25. Qd2 Rbe8 26. Rfe1 Rxe3 27. Rxe3 Re8
28. Rxe8 Bxe8 29. Qe3 1/2-1/2

[Event "World Rapid Women 2018"]
[Site "St Petersburg RUS"]
[Date "2018.12.26"]
[Round "3.22"]
[White "Khomeriki, Nino"]
[Black "Lei, Tingjie"]
[Result "0-1"]
[WhiteTitle "WIM"]
[BlackTitle "GM"]
[WhiteElo "2347"]
[BlackElo "2453"]
[WhiteFideId "13603191"]
[BlackFideId "8605114"]
[EventDate "2018.12.26"]

1. d4 Nf6 2. c4 g6 3. Nf3 Bg7 4. g3 c6 5. Bg2 d5 6. cxd5 cxd5 7. O-O O-O 8. Nc3
b6 9. Bf4 Bb7 10. Rc1 Nc6 11. Ne5 Rc8 12. Nxc6 Bxc6 13. Be5 e6 14. Qd3 Bh6 15.
Bxf6 Qxf6 16. e3 Qe7 17. Rc2 Rc7 18. Rfc1 Rfc8 19. Qd1 Bf8 20. Bf1 Bb7 21. Nb5
Rxc2 22. Rxc2 Rxc2 23. Qxc2 a6 24. Nc3 Qc7 25. Bd3 Bd6 26. Na4 Qxc2 27. Bxc2 Bc7
28. f3 Kf8 29. Kf2 Ke7 30. e4 dxe4 31. fxe4 h5 32. Ke3 Bc6 33. Nc3 b5 34. e5 Bb6
35. Be4 Be8 36. a3 f6 37. exf6+ Kxf6 38. Bb7 a5 39. b4 g5 40. Ba6 axb4 41. axb4
Kf5 42. Bc8 h4 43. gxh4 gxh4 44. h3 Ba7 45. Kd3 Kf4 46. Bxe6 Bg6+ 47. Ke2 Bxd4
48. Nxb5 Bh5+ 49. Kf1 Bb2 50. Kg2 Bf3+ 51. Kf2 Bc6 52. Bc4 Bd7 53. Kg2 Ke3 54.
Nd6 Bc6+ 55. Kf1 Bd7 56. Kg2 Kd4 57. Bb5 Be6 58. Be2 Ke3 59. Bc4 Bd7 60. Bd5 Kd4
61. Bf3 Ba3 62. Bg4 Bc6+ 63. Bf3 Bd7 64. Bg4 Ba4 65. Nf5+ Ke5 66. Nxh4 Bxb4 67.
Ng6+ Kf6 68. Nf4 Kg5 69. Nd3 Bd6 70. Bf3 Bc2 71. Be4 Kh4 72. Bf5 Ba4 73. Ne1 Kg5
74. Be4 Kf4 75. Bf3 Ke3 76. Bd5 Be8 77. Nf3 Bh5 78. h4 Kf4 79. Bc6 Bg6 80. Nd4
Be7 81. Nf3 Bf6 82. Bd5 Be8 83. Bb7 Bg7 84. Bc6 Bxc6 0-1

[Event "World Rapid Women 2018"]
[Site "St Petersburg RUS"]
[Date "2018.12.26"]
[Round "3.23"]
[White "Ushenina, Anna"]
[Black "Badelka, Olga"]
[Result "1-0"]
[WhiteTitle "GM"]
[BlackTitle "WIM"]
[WhiteElo "2440"]
[BlackElo "2385"]
[WhiteFideId "14110911"]
[BlackFideId "13509926"]
[EventDate "2018.12.26"]

1. d4 d5 2. c4 dxc4 3. e3 e5 4. Bxc4 exd4 5. exd4 Bd6 6. Nf3 Nf6 7. Qe2+ Qe7 8.
Qxe7+ Bxe7 9. Bf4 c6 10. O-O O-O 11. Nc3 b5 12. Bb3 b4 13. Na4 Nd5 14. Bg3 Be6
15. Rac1 Rc8 16. Nc5 Bxc5 17. Rxc5 Nd7 18. Rc2 Bf5 19. Rxc6 Rxc6 20. Bxd5 Rac8
21. Bxc6 Rxc6 22. d5 Ra6 23. Nd4 Be4 24. Re1 f5 25. d6 g5 26. f3 f4 27. Rxe4
fxg3 28. Re8+ Kf7 29. Re7+ Kf6 30. Rxd7 Rxa2 31. hxg3 Rxb2 32. Rb7 Rd2 33. Rxb4
a5 34. Ra4 Ke5 35. d7 1-0

[Event "World Rapid Women 2018"]
[Site "St Petersburg RUS"]
[Date "2018.12.26"]
[Round "3.24"]
[White "Maltsevskaya, Aleksandra"]
[Black "Bodnaruk, Anastasia"]
[Result "1/2-1/2"]
[WhiteTitle "WGM"]
[BlackTitle "IM"]
[WhiteElo "2243"]
[BlackElo "2420"]
[WhiteFideId "24174041"]
[BlackFideId "4181751"]
[EventDate "2018.12.26"]

1. e4 c5 2. Nf3 d6 3. d4 cxd4 4. Nxd4 Nf6 5. Nc3 a6 6. h3 e6 7. g4 h6 8. Bg2 Be7
9. Be3 Nfd7 10. O-O g5 11. Nce2 Nc6 12. Nxc6 bxc6 13. f4 Bb7 14. f5 Ne5 15. Ng3
c5 16. Nh5 Rh7 17. Qe2 Qc7 18. Bd2 O-O-O 19. Bc3 Nc6 20. Rad1 Kb8 21. fxe6 fxe6
22. Qc4 e5 23. Ng3 Nd4 24. Bd2 d5 25. exd5 e4 26. Nxe4 Bxd5 27. Qxa6 Bb7 28. Qc4
Bd5 29. Qa6 Bb7 30. Qc4 Bd5 31. Qa6 1/2-1/2

[Event "World Rapid Women 2018"]
[Site "St Petersburg RUS"]
[Date "2018.12.26"]
[Round "3.25"]
[White "Shuvalova, Polina"]
[Black "Maletina, Tatiana"]
[Result "0-1"]
[WhiteTitle "WIM"]
[BlackTitle "WIM"]
[WhiteElo "2441"]
[BlackElo "2270"]
[WhiteFideId "24171760"]
[BlackFideId "24145084"]
[EventDate "2018.12.26"]

1. d4 e6 2. c4 b6 3. Nc3 Bb7 4. a3 f5 5. Nf3 Nf6 6. d5 Bd6 7. Nb5 Qe7 8. dxe6
dxe6 9. Nxd6+ cxd6 10. e3 O-O 11. Be2 Nbd7 12. O-O Ne4 13. Nd4 Ne5 14. f3 Nf6
15. b3 a6 16. a4 Rad8 17. a5 bxa5 18. Rxa5 Rfe8 19. Bd2 Nf7 20. Qa1 Qd7 21. Bd3
Ne5 22. Be2 Nf7 23. b4 e5 24. Nb3 Qc7 25. Rc1 Qb6 26. Kh1 f4 27. e4 Qf2 28. Bd3
Ng5 29. Rf1 Qh4 30. Qe1 Qh5 31. Bc3 Re6 32. Ra2 Ne8 33. Qf2 Rh6 34. Qg1 Nf6 35.
Re2 Qe8 36. Ra1 Nh5 37. Qe1 Ng3+ 38. Kg1 Rxh2 39. Nd2 Qh5 40. Nf1 Rh1+ 41. Kf2
Nxf3 42. gxf3 Qh3 43. Qb1 Rxf1+ 44. Qxf1 Nxf1 45. c5 Qg3+ 46. Kxf1 Qxf3+ 47. Ke1
Qxd3 48. Rc1 Bxe4 49. cxd6 Qg3+ 50. Rf2 Qg1+ 0-1

[Event "World Rapid Women 2018"]
[Site "St Petersburg RUS"]
[Date "2018.12.26"]
[Round "3.26"]
[White "Arutyunova, Diana"]
[Black "Khademalsharieh, Sarasadat"]
[Result "0-1"]
[WhiteTitle "WGM"]
[BlackTitle "IM"]
[WhiteElo "2227"]
[BlackElo "2470"]
[WhiteFideId "14107244"]
[BlackFideId "12512214"]
[EventDate "2018.12.26"]

1. e4 e5 2. Nf3 Nc6 3. d4 exd4 4. Nxd4 Nf6 5. Nc3 Bc5 6. Nxc6 bxc6 7. Bg5 h6 8.
Bh4 Qe7 9. Bd3 Rb8 10. O-O d6 11. Na4 Bb6 12. Nxb6 Rxb6 13. f4 O-O 14. Qc1 Qe6
15. e5 dxe5 16. fxe5 Ng4 17. Bf5 Qxe5 18. Bxg4 Bxg4 19. Qf4 Qxf4 20. Rxf4 Be6
21. Be7 Re8 22. Ba3 Rd8 23. Rff1 Rd2 24. Rf2 Rd5 25. c4 Rd3 26. Rc1 Rb8 27. b3
Rbd8 28. Bb4 f5 29. Re2 Bf7 30. Re5 f4 31. Rf1 g5 32. h4 Re3 33. Rxe3 fxe3 34.
Re1 Re8 35. hxg5 hxg5 36. Bc5 e2 37. Bxa7 Ra8 38. Be3 Rxa2 39. Bxg5 Bh5 40. Bf4
Rb2 41. Bxc7 Rxb3 42. c5 Kf7 43. Kf2 Ke6 44. Rh1 Bg4 45. Bd6 Rd3 46. Re1 Kf5 47.
Bf8 Ke4 48. Bd6 Rd2 49. Kg3 Rd1 50. Kf2 Kd3 51. Be7 Ke4 52. Bd6 Rd3 53. Be7 Rd7
54. Bd6 Rf7+ 55. Kg1 Ke3 56. Ra1 Ra7 57. Rb1 Bf5 58. Rc1 Rg7 59. Be5 Rd7 60. Re1
Rd1 61. Bc3 Rd3 62. Ba5 Ra3 63. Bc7 Rc3 64. Bd6 Bg4 65. Bf8 Rc4 66. Bh6+ Kd3 67.
Bf8 Kd2 0-1

[Event "World Rapid Women 2018"]
[Site "St Petersburg RUS"]
[Date "2018.12.26"]
[Round "3.27"]
[White "Drozdova, Dina"]
[Black "Voit, Daria"]
[Result "0-1"]
[WhiteTitle "WIM"]
[BlackTitle "FM"]
[WhiteElo "2178"]
[BlackElo "2358"]
[WhiteFideId "4170695"]
[BlackFideId "4182146"]
[EventDate "2018.12.26"]

1. d4 Nf6 2. c4 e6 3. Nf3 Bb4+ 4. Bd2 c5 5. Bxb4 cxb4 6. Nbd2 O-O 7. e3 Nc6 8.
Be2 d6 9. Qc2 Qc7 10. Rc1 e5 11. d5 Nb8 12. h3 a5 13. O-O Na6 14. a3 Nc5 15.
axb4 axb4 16. Ra1 Bd7 17. b3 Ra5 18. Rxa5 Qxa5 19. Rb1 Ra8 20. g4 Qa2 21. Rb2
Qa1+ 22. Kg2 g6 23. Rb1 Qc3 24. Rc1 Qxc2 25. Rxc2 Ra3 26. Rb2 h5 27. Ne1 hxg4
28. hxg4 Bxg4 29. f3 Bd7 30. Nc2 Ra7 31. Nxb4 Nh5 32. Nd3 Nxd3 33. Bxd3 f5 34.
Bb1 Kf7 35. Ra2 Rxa2 36. Bxa2 f4 37. Kf2 Bf5 38. b4 b6 39. Bb1 Ke7 40. Bxf5 gxf5
41. e4 Ng3 42. exf5 Nxf5 43. Ne4 Ne3 44. c5 bxc5 45. bxc5 dxc5 46. Nxc5 Kd6 47.
Ne4+ Kxd5 48. Ke2 Kd4 49. Ng5 Nf5 50. Kf2 Nd6 51. Ke2 Kc3 52. Ne6 Nf5 53. Ng5
Nd4+ 54. Kf2 Kd2 55. Ne4+ Kd3 56. Nc5+ Kc4 57. Ne4 Kd3 58. Nc5+ Kd2 59. Ne4+ Kc2
60. Nc5 Nc6 61. Ke2 Nb4 62. Ne4 Nd3 63. Ng5 Nc1+ 64. Kf2 Kd1 65. Nf7 Nd3+ 66.
Kf1 Kd2 67. Kg2 Ke2 68. Kh3 Kxf3 69. Ng5+ Kf2 70. Kg4 Ke3 71. Kf5 f3 72. Ne4 f2
73. Ng3 Kf3 74. Nf1 e4 0-1

[Event "World Rapid Women 2018"]
[Site "St Petersburg RUS"]
[Date "2018.12.26"]
[Round "3.28"]
[White "Sukhareva, Evgeniya"]
[Black "Mamedjarova, Turkan"]
[Result "1-0"]
[BlackTitle "WGM"]
[WhiteElo "2126"]
[BlackElo "2295"]
[WhiteFideId "4167155"]
[BlackFideId "13402005"]
[EventDate "2018.12.26"]

1. d4 d5 2. Nf3 Nf6 3. c4 e6 4. Nc3 c6 5. Bg5 Be7 6. e3 O-O 7. Qc2 Nbd7 8. Rd1
h6 9. Bh4 dxc4 10. Bxc4 Nd5 11. Bxe7 Qxe7 12. O-O Rd8 13. e4 Nxc3 14. bxc3 b5
15. Bd3 a6 16. a4 Bb7 17. c4 Rac8 18. Qb2 Nf6 19. e5 Nh5 20. c5 Nf4 21. Be4 a5
22. g3 Nh3+ 23. Kg2 Ng5 24. Nxg5 hxg5 25. Rb1 Ba6 26. Bd3 Qd7 27. Rfd1 Qd5+ 28.
Kg1 g6 29. Bf1 Kg7 30. Qd2 Rh8 31. Qxg5 Rh5 32. Qf6+ Kg8 33. Qe7 Rf5 34. Qa7 Qa2
35. Qxa6 Qxf2+ 36. Kh1 Rh5 37. Qxc8+ Kg7 38. h3 Qf3+ 39. Kh2 g5 40. Qd8 Rh6 41.
Qxg5+ Rg6 42. Qf4 Qc3 43. axb5 cxb5 44. Bg2 Rh6 45. Rf1 1-0

[Event "World Rapid Women 2018"]
[Site "St Petersburg RUS"]
[Date "2018.12.26"]
[Round "3.30"]
[White "Sudakova, Irina"]
[Black "Mamedjarova, Zeinab"]
[Result "1-0"]
[WhiteTitle "WGM"]
[BlackTitle "WGM"]
[WhiteElo "2313"]
[BlackElo "2338"]
[WhiteFideId "4129903"]
[BlackFideId "13401521"]
[EventDate "2018.12.26"]

1. e4 e5 2. Nf3 d6 3. Nc3 Nf6 4. g3 Be7 5. Bg2 O-O 6. O-O Nc6 7. h3 h6 8. d4
exd4 9. Nxd4 Bd7 10. Nf5 Re8 11. Nxe7+ Nxe7 12. b3 Ng6 13. Bb2 Bc6 14. Qd4 a5
15. a3 Qd7 16. Rae1 Rad8 17. Re3 h5 18. Rf3 Qe7 19. Rf5 b6 20. Nd5 Bxd5 21. exd5
Ne5 22. Qh4 Qd7 23. Rxf6 gxf6 24. f4 Qf5 25. fxe5 Qxc2 26. Qxf6 Qxb2 27. Qxf7+
Kh8 28. Qxh5+ Kg8 29. Qg6+ Kh8 30. Rf7 1-0

[Event "World Rapid Women 2018"]
[Site "St Petersburg RUS"]
[Date "2018.12.26"]
[Round "3.31"]
[White "Styazhkina, Anna"]
[Black "Michna, Marta"]
[Result "1-0"]
[WhiteTitle "WIM"]
[BlackTitle "WGM"]
[WhiteElo "2274"]
[BlackElo "2333"]
[WhiteFideId "24119300"]
[BlackFideId "1106686"]
[EventDate "2018.12.26"]

1. e4 d6 2. d4 Nf6 3. Nc3 Nc6 4. f3 e5 5. Nge2 g6 6. Be3 Bg7 7. Qd2 a6 8. O-O-O
b5 9. h4 b4 10. Nd5 a5 11. Bh6 Bxh6 12. Qxh6 Rg8 13. dxe5 Nxe5 14. Nd4 c6 15.
Ne3 Bd7 16. Nc4 Nxc4 17. Bxc4 Qe7 18. Rhe1 O-O-O 19. Qg5 c5 20. e5 dxe5 21. Rxe5
h6 22. Rxc5+ Kb7 23. Rb5+ Bxb5 24. Qxb5+ Kc8 25. Qa6+ Kc7 26. Qa7+ 1-0

[Event "World Rapid Women 2018"]
[Site "St Petersburg RUS"]
[Date "2018.12.26"]
[Round "3.32"]
[White "Ovod, Evgenija"]
[Black "Guichard, Pauline"]
[Result "1-0"]
[WhiteTitle "IM"]
[BlackTitle "WGM"]
[WhiteElo "2367"]
[BlackElo "2378"]
[WhiteFideId "4131827"]
[BlackFideId "639370"]
[EventDate "2018.12.26"]

1. e4 e5 2. Nf3 Nc6 3. Bc4 Nf6 4. d3 Be7 5. O-O O-O 6. Bb3 d6 7. c3 Na5 8. Bc2
c5 9. h3 Nc6 10. Re1 h6 11. Nbd2 Re8 12. Nf1 Be6 13. d4 exd4 14. cxd4 cxd4 15.
Nxd4 Nxd4 16. Qxd4 d5 17. e5 Nd7 18. Qd3 Nf8 19. Qg3 Bh4 20. Qf3 Rc8 21. Bd3 Qb6
22. a4 a5 23. Ra3 Ng6 24. Bb5 Red8 25. Bd2 d4 26. b4 Be7 27. bxa5 Qc7 28. Raa1
Nxe5 29. Qg3 Ng6 30. Qd3 Qc5 31. Rxe6 fxe6 32. Qxg6 Qf5 33. Qg3 Bd6 34. Qb3 Kh8
35. Bd3 Qf7 36. Rb1 Rf8 37. f3 Rc7 38. Be4 Bc5 39. Bxb7 Rb8 40. a6 Qd7 41. Qd3
Rf8 42. Ba5 Ba7 43. Bxc7 Qxc7 44. Re1 Qd7 45. Kh1 Kg8 46. Qc4 Rf6 47. Qc8+ Qxc8
48. Bxc8 Kf7 49. Nd2 Ke7 50. Kg1 d3+ 51. Kf1 Bd4 52. Re4 Bc5 53. Rc4 Be3 54. Ke1
Rf8 55. Bb7 Kd7 56. Rc3 1-0

[Event "World Rapid Women 2018"]
[Site "St Petersburg RUS"]
[Date "2018.12.26"]
[Round "3.33"]
[White "Kovanova, Baira"]
[Black "Tsolakidou, Stavroula"]
[Result "0-1"]
[WhiteTitle "WGM"]
[BlackTitle "IM"]
[WhiteElo "2352"]
[BlackElo "2387"]
[WhiteFideId "4164083"]
[BlackFideId "4264312"]
[EventDate "2018.12.26"]

1. e4 c5 2. Nf3 e6 3. d3 Nc6 4. g3 Nge7 5. Bg2 g6 6. O-O Bg7 7. c3 d5 8. Qe2 O-O
9. e5 f6 10. exf6 Bxf6 11. Bf4 Nf5 12. Nbd2 g5 13. g4 gxf4 14. gxf5 exf5 15. Nb3
Qd6 16. Rfe1 Kh8 17. Kh1 Bd7 18. d4 cxd4 19. cxd4 Rae8 20. Qd2 b6 21. Rac1 Re4
22. Ne5 Rxe1+ 23. Rxe1 Nxe5 24. dxe5 Bxe5 25. Qxd5 Qxd5 26. Bxd5 Bxb2 27. Re7
Rd8 28. Kg2 a5 29. Re2 Bf6 30. Bf3 Kg7 31. Rc2 Bb5 32. Nc1 Be5 33. Ne2 a4 34.
Rc1 Be8 35. Re1 Kf6 36. Rc1 Rd2 37. a3 Rd3 38. Bc6 Bh5 39. Ng1 Rxa3 40. Rb1 Rb3
41. Rc1 a3 42. Bd5 Rc3 43. Rb1 Bd4 44. Rb4 Bc5 45. Ra4 Rc2 46. Nh3 Bg4 47. Nxf4
Bxf2 48. Bb3 Rb2 49. Bg8 Bc5+ 50. Kg3 Bd6 51. h3 Be2 52. h4 Bb5 53. Rd4 Be5 54.
Rd1 Rb4 0-1

[Event "World Rapid Women 2018"]
[Site "St Petersburg RUS"]
[Date "2018.12.26"]
[Round "3.34"]
[White "Goltseva, Ekaterina"]
[Black "Tokhirjonova, Gulrukhbegim"]
[Result "0-1"]
[WhiteTitle "WFM"]
[BlackTitle "WGM"]
[WhiteElo "2153"]
[BlackElo "2444"]
[WhiteFideId "24173770"]
[BlackFideId "14203626"]
[EventDate "2018.12.26"]

1. d4 e6 2. c4 b6 3. a3 Bb7 4. Nc3 f5 5. e3 Nf6 6. f3 g6 7. Bd3 Bg7 8. Nge2 O-O
9. O-O c5 10. b4 d6 11. Rb1 Nbd7 12. Kh1 Qe7 13. Bc2 Rfd8 14. Qe1 Rac8 15. Bb3
Kh8 16. Qh4 Ba6 17. dxc5 dxc5 18. b5 Bb7 19. e4 Qf8 20. exf5 exf5 21. Nf4 Qf7
22. Bb2 Ne5 23. Ncd5 Nxd5 24. cxd5 c4 25. Ne6 Rxd5 26. Nxg7 Qxg7 27. f4 g5 28.
Qh5 gxf4 29. Bxc4 Rd2 30. Bxe5 Bxg2+ 31. Kg1 Qxe5 32. Rf2 Qd4 33. Qh4 Be4 34.
Rc1 Rxf2 35. Qxf2 Rxc4 36. Rxc4 Qxc4 37. Qb2+ Kg8 38. Qf6 Qc1+ 39. Kf2 Qe3+ 40.
Kf1 Bd3+ 41. Kg2 f3+ 0-1

[Event "World Rapid Women 2018"]
[Site "St Petersburg RUS"]
[Date "2018.12.26"]
[Round "3.35"]
[White "Makarenko, Alexandra"]
[Black "Zhukova, Natalia"]
[Result "1-0"]
[WhiteTitle "WIM"]
[BlackTitle "GM"]
[WhiteElo "2228"]
[BlackElo "2377"]
[WhiteFideId "4165055"]
[BlackFideId "14101513"]
[EventDate "2018.12.26"]

1. e4 e6 2. d4 d5 3. Nc3 Bb4 4. e5 c5 5. a3 Ba5 6. b4 cxd4 7. Nb5 Bc7 8. f4 Bd7
9. Nxd4 Ne7 10. Ngf3 Bb6 11. Bd3 Nbc6 12. Nb5 Nc8 13. Bb2 a6 14. Nd6+ Nxd6 15.
exd6 Qb8 16. Bxg7 Rg8 17. Be5 Rxg2 18. Nh4 Bf2+ 19. Kf1 Bxh4 20. Kxg2 Qa7 21.
Qg4 O-O-O 22. Qxh4 Rg8+ 23. Kf3 Nd4+ 24. Bxd4 Qxd4 25. Qf2 Qf6 26. Rhg1 Re8 27.
Qb6 Kb8 28. Qc7+ Ka7 29. Qxd7 e5 30. Qxe8 Qxf4+ 31. Kg2 e4 32. Be2 Qxd6 33. Qxf7
Qc6 34. Qf2+ e3 35. Qxe3+ d4+ 36. Qf3 Qxc2 37. Rad1 1-0

[Event "World Rapid Women 2018"]
[Site "St Petersburg RUS"]
[Date "2018.12.26"]
[Round "3.36"]
[White "Buksa, Nataliya"]
[Black "Lysenko, Margarita"]
[Result "1-0"]
[WhiteTitle "IM"]
[BlackTitle "WFM"]
[WhiteElo "2410"]
[BlackElo "2190"]
[WhiteFideId "14123622"]
[BlackFideId "34100200"]
[EventDate "2018.12.26"]

1. d4 Nf6 2. Nc3 d5 3. Bf4 a6 4. e3 Bf5 5. f3 e6 6. g4 Bg6 7. h4 h6 8. Bd3 Bxd3
9. Qxd3 Bd6 10. Nge2 Nc6 11. O-O-O Qe7 12. g5 Nh5 13. Bxd6 Qxd6 14. g6 f5 15.
Kb1 O-O 16. e4 fxe4 17. fxe4 Nf4 18. Qe3 Nxe2 19. Nxe2 Na5 20. b3 Nc6 21. e5 Qd7
22. Rdf1 Qe7 23. Qh3 a5 24. a4 b6 25. Kb2 Rae8 26. Rxf8+ Rxf8 27. Rf1 Rxf1 28.
Qxf1 Nd8 29. Qf2 c5 30. Nc3 cxd4 31. Qxd4 Qc5 32. Qf4 Qe7 33. Nb5 Nc6 34. Nd6
Qd7 35. h5 Qe7 36. Qe3 Qc7 37. c3 Ne7 38. Qf2 Nc6 39. Qe3 Ne7 40. Qd3 Nc6 41.
Qa6 Qb8 42. Qe2 Qc7 43. c4 dxc4 44. Qxc4 Qd7 45. Qb5 Kf8 46. Qf1+ Kg8 47. Qf3
Qc7 48. Ka3 Qd7 49. Qe4 Qc7 50. Qc4 Qd7 51. Qa6 Qd8 52. Qb5 Ne7 53. Kb2 Nd5 54.
Qc6 Nf4 55. Qb7 Qf8 56. Qxb6 Nd3+ 57. Ka2 Nxe5 58. Nf7 Qc8 59. Qd8+ Qxd8 60.
Nxd8 Nd7 61. Nxe6 Nf6 62. Nf4 Kf8 63. Ka3 Ke7 64. b4 axb4+ 65. Kxb4 Kd6 66. a5
Kc6 67. Kc4 Kd6 68. Kb5 Kd7 69. a6 Kc8 70. Kc6 Kb8 71. Kd6 1-0

[Event "World Rapid Women 2018"]
[Site "St Petersburg RUS"]
[Date "2018.12.26"]
[Round "3.37"]
[White "Dordzhieva, Dinara"]
[Black "Semenova, Elena1"]
[Result "1-0"]
[WhiteTitle "WIM"]
[BlackTitle "WIM"]
[WhiteElo "2340"]
[BlackElo "2260"]
[WhiteFideId "24157570"]
[BlackFideId "24125148"]
[EventDate "2018.12.26"]

1. Nf3 d5 2. c4 d4 3. b4 e5 4. Nxe5 Qf6 5. Nd3 Bf5 6. b5 Bxd3 7. exd3 Bd6 8. Bb2
Ne7 9. Be2 O-O 10. Bf3 Nd7 11. Bxb7 Nc5 12. Be4 Qe5 13. Qe2 Rae8 14. Kd1 f5 15.
Bf3 Ng6 16. Qxe5 Bxe5 17. Kc2 Nf4 18. Ba3 Nfxd3 19. Bxc5 Nxc5 20. d3 g5 21. Nd2
g4 22. Bd5+ Kg7 23. h3 Bf4 24. Rae1 g3 25. fxg3 Bxg3 26. Rxe8 Rxe8 27. Rf1 Re3
28. Rxf5 Nxd3 29. Nf1 Nb4+ 30. Kd1 Rd3+ 31. Ke2 Bd6 32. Rf7+ Kg6 33. Rxc7 Ra3
34. Rd7 Rxa2+ 35. Kf3 Be5 36. c5 Ra3+ 1-0

[Event "World Rapid Women 2018"]
[Site "St Petersburg RUS"]
[Date "2018.12.26"]
[Round "3.38"]
[White "Paramzina, Anastasya"]
[Black "Romanovskaya, Anna"]
[Result "1-0"]
[WhiteTitle "WGM"]
[BlackTitle "WFM"]
[WhiteElo "2229"]
[BlackElo "2210"]
[WhiteFideId "4165012"]
[BlackFideId "4164725"]
[EventDate "2018.12.26"]

1. e4 g6 2. d4 Bg7 3. Nf3 d6 4. h3 Nd7 5. Bc4 e6 6. O-O Ne7 7. Re1 a6 8. a4 b6
9. Ra3 Bb7 10. Ng5 h6 11. Nxf7 Kxf7 12. Qg4 Nf8 13. Rf3+ Ke8 14. c3 Qd7 15. Qf4
Ng8 16. b3 g5 17. Qg3 Ng6 18. e5 Bxf3 19. exd6 e5 20. Qxf3 Rc8 21. Bxa6 c6 22.
Bxc8 Qxc8 23. Na3 Kd8 24. Qf7 Qd7 25. Qxg6 exd4 26. Nc4 dxc3 27. Nxb6 Qb7 28.
Re8# 1-0

[Event "World Rapid Women 2018"]
[Site "St Petersburg RUS"]
[Date "2018.12.26"]
[Round "3.39"]
[White "Doan, Thi Van Anh"]
[Black "Haussernot, Cecile"]
[Result "1-0"]
[WhiteTitle "WFM"]
[BlackTitle "WIM"]
[WhiteElo "1950"]
[BlackElo "2196"]
[WhiteFideId "12400491"]
[BlackFideId "601632"]
[EventDate "2018.12.26"]

1. d4 d5 2. c4 c6 3. Nf3 Nf6 4. Nc3 e6 5. Bg5 Nbd7 6. cxd5 exd5 7. e3 Be7 8. Bd3
Nf8 9. h3 Ne6 10. Bh4 g6 11. Ne5 Ng7 12. Bg3 Bf5 13. O-O O-O 14. Rb1 Rc8 15. b4
Bxd3 16. Qxd3 Nf5 17. Bf4 Nd6 18. b5 Nfe4 19. bxc6 bxc6 20. Rfc1 f6 21. Nxe4
fxe5 22. Nxd6 Bxd6 23. dxe5 Bb8 24. Bh6 Rf5 25. f4 Qh4 26. Bg5 Qg3 27. Rxc6 Rxc6
28. Qxd5+ Kg7 29. Qxc6 Qxe3+ 30. Kh1 Bxe5 31. Rb7+ Rf7 32. Rxf7+ Kxf7 33. Qd7+
Kg8 34. Qe6+ Kf8 35. Bh6+ 1-0

[Event "World Rapid Women 2018"]
[Site "St Petersburg RUS"]
[Date "2018.12.26"]
[Round "3.40"]
[White "Bulatova, Kamaliya"]
[Black "Tomilova, Elena"]
[Result "0-1"]
[WhiteTitle "WFM"]
[BlackTitle "WIM"]
[WhiteElo "2007"]
[BlackElo "2338"]
[WhiteFideId "34111546"]
[BlackFideId "4162340"]
[EventDate "2018.12.26"]

1. d4 d5 2. c4 c6 3. cxd5 cxd5 4. Bf4 Nc6 5. Nc3 Bf5 6. e3 e6 7. Qb3 Qd7 8. Nf3
f6 9. Bb5 Bd6 10. Bxd6 Qxd6 11. O-O Ne7 12. Rfe1 Bg4 13. Be2 O-O 14. h3 Bh5 15.
Rad1 f5 16. Nd2 Bxe2 17. Nxe2 Rfc8 18. a3 Na5 19. Qd3 Nc4 20. Nxc4 Rxc4 21. Nc3
Rac8 22. f3 Ng6 23. Qd2 a6 24. e4 dxe4 25. fxe4 f4 26. e5 Qb6 27. Qf2 Ne7 28.
Rd2 Rd8 29. Red1 Nf5 30. Ne2 Ne3 31. Rb1 g5 32. Kh1 Qc6 33. Rd3 Qe4 34. Rdd1
Nxd1 35. Rxd1 Rc2 36. Re1 Rxb2 37. Qf1 Qd3 38. Qf3 Qxf3 39. gxf3 Rc8 40. d5 exd5
41. Nd4 Rd2 42. Nf5 Rcc2 43. e6 Re2 44. Rb1 Rxe6 45. Nd4 Rec6 46. Nxc2 Rxc2 47.
Rxb7 Rf2 48. Rb3 Kf7 49. Kg1 Ra2 50. Rb7+ Ke6 51. Rb6+ Ke5 52. Rxa6 Kd4 53. h4
gxh4 54. Rh6 Ke3 55. Rxh4 d4 56. Rxh7 d3 57. Re7+ Kxf3 58. Rd7 d2 59. a4 Ra1+ 0-1